|
|
|
|
| LEADER |
00672cam a2200205 7i4500 |
| 001 |
0000057278 |
| 005 |
20151104090000.0 |
| 005 |
##20151104175300.0 |
| 002 |
##000005347 |
| 003 |
##MY-KlINT |
| 008 |
151104 00010 eng |
| 039 |
# |
9 |
|y 201511041753
|z VLOAD
|
| 245 |
0 |
0 |
|a Akta-akta dan kaedah-kaedah :
|b untuk unit penguatkuasa Kerajaan Tempatan (hingga 15hb Ogos 1991).
|
| 260 |
# |
# |
|a Kuala Lumpur:
|b International Law Book Services,
|c 1991.
|
| 300 |
# |
# |
|a 639 p;
|c 24cm.
|
| 651 |
# |
0 |
|a Malaysia--law and legislation
|
| 996 |
|
|
|a ikwas2000.out
|
| 997 |
|
|
|a 3000069553
|b IKWS
|c MF
|d BOK
|
| 998 |
|
|
|a 0000004213
|
| 999 |
|
|
|a 3000067573
|b BOOK
|c Main Fiction
|e INTAN Kampus Wilayah Selatan
|